| 000 | 00423 a2200169 4500 | ||
|---|---|---|---|
| 001 | 68695 | ||
| 020 | _a8526248847 | ||
| 040 | _cAnchieta - Itaigara | ||
| 100 | _aComapny, Mercè | ||
| 240 | 1 | 0 |
_aAs trigêmeas e Ali-Babá e os quarenta ladrões _lpor |
| 245 | 1 | 0 | _aAs trigêmeas e Ali-Babá e os quarenta ladrões |
| 300 | _a30 | ||
| 362 | 0 | _a2003 | |
| 440 | 1 | _aScipione | |
| 650 | 4 | _aLiteratura infantil | |
| 942 | _cBK | ||
| 999 |
_c68695 _d68695 |
||